00714nam a2200205 a 450000100100000000500170001000800410002704000250006808200160009310000260010924500410013526000460017630000210022249000340024350000210027750400410029883000410033995201130038099900150049300000517920200929151612.0090805s1971 ag 001 0 spa d aDO-SdBNPbspacBNPHU axxxxbL781d1 aLitton, Gaston91483013aLa documentación /cGaston Litton. aBuenos Aires, Argentina :bBowker,c1971. a177 p. ;c18 cm.1 aBreviaturas del bibliotecario aIncluye índice aIncluye bibliografías (p. 171-172) 0aBreviaturas del bibliotecario914831 001050718MOaGRbGRcCTd2009-08-05iLF1l0oxxxx L781dp5179-10r2020-06-25w2020-06-25y1ZNo se presta c4982d4982